[Event "Beacon Seniors op 50+"]
[Site "Exmouth"]
[Date "2005.11.17"]
[Round "4"]
[White "Ingham, H William"]
[Black "Derrick, Ken W"]
[Result "0-1"]
[WhiteElo "1736"]
[BlackElo "1928"]
[PlyCount "98"]
[EventDate "2005.11.14"]
[EventType "swiss"]
[EventRounds "5"]
[EventCountry "ENG"]
[SourceTitle "EXT 2007"]
[Source "ChessBase"]
[SourceDate "2006.11.23"]
[SourceVersion "1"]
[SourceVersionDate "2006.11.23"]
[SourceQuality "1"]

1. Nf3 f5 2. d4 Nf6 3. Bg5 e6 4. Nbd2 Be7 5. Bxf6 Bxf6 6. e4 0-0 7. Bd3 d6 8. c3 Qe8 9. Qc2 Nc6 10. 0-0-0 e5 11. dxe5 Nxe5 12. Nxe5 Qxe5 13. exf5 Bg5 14. Kb1 Bxd2 15. Rxd2 Bxf5 16. Re2 Bxd3 17. Qxd3 Qc5 18. f3 Rae8 19. Rhe1 Rxe2 20. Qxe2 Qf5+ 21. Qe4 g6 22. Qxf5 Rxf5 23. Re7 Rf7 24. Re2 Kf8 25. Kc2 Rf5 26. b4 a5 27. a4 axb4 28. cxb4 Kf7 29. Kb3 Rd5 30. f4 c5 31. g3 Rd3+ 32. Kc4 Rd4+ 33. Kc3 Rxb4 34. Ra2 Ke6 35. a5 h5 36. a6 bxa6 37. Rxa6 Re4 38. Ra8 Kd5 39. Rg8 Re3+ 40. Kd2 Re6 41. f5 gxf5 42. Rg5 Ke4 43. Rxh5 d5 44. Rh4+ Ke5 45. Rh8 Ra6 46. Rh5 Ra2+ 47. Kc1 Rg2 48. Rh8 c4 49. Rh5 c3 0-1

[Event "Beacon Seniors op 50+"]
[Site "Exmouth"]
[Date "2005.11.16"]
[Round "3"]
[White "Tidy, Norman F"]
[Black "Derrick, Ken W"]
[Result "0-1"]
[WhiteElo "1456"]
[BlackElo "1928"]
[PlyCount "76"]
[EventDate "2005.11.14"]
[EventType "swiss"]
[EventRounds "5"]
[EventCountry "ENG"]
[SourceTitle "EXT 2007"]
[Source "ChessBase"]
[SourceDate "2006.11.23"]
[SourceVersion "1"]
[SourceVersionDate "2006.11.23"]
[SourceQuality "1"]

1. e4 e5 2. Nf3 Nc6 3. Nc3 Nf6 4. Bb5 d6 5. 0-0 Bd7 6. d4 Nxd4 7. Bxd7+ Qxd7 8. Nxd4 exd4 9. Qxd4 Be7 10. Bf4 0-0 11. Rad1 Qg4 12. Bg3 Rfd8 13. Nd5 Nxd5 14. Qxd5 c6 15. Qb3 Rd7 16. e5 dxe5 17. Rxd7 Qxd7 18. Bxe5 Rd8 19. Qg3 Bf8 20. h3 Qf5 21. c4 f6 22. Bc7 Rd2 23. Qc3 Qc2 24. Qa5 Qxb2 25. Qxa7 Qxa2 26. Qxb7 Qxc4 27. Qc8 Qd5 28. Bf4 Rd1 29. Rxd1 Qxd1+ 30. Kh2 Qd5 31. Bc1 Kf7 32. Qb7+ Kg6 33. Qc8 Bd6+ 34. g3 h5 35. Qe8+ Kh7 36. Qe2 h4 37. Qc2+ g6 38. Bf4 Bxf4 0-1